Struggles of woman at work / (Record no. 125234)

MARC details
000 -LEADER
fixed length control field 00748nam a22002417a 4500
003 - CONTROL NUMBER IDENTIFIER
control field dpl
005 - DATE AND TIME OF LATEST TRANSACTION
control field 20180803164014.0
008 - FIXED-LENGTH DATA ELEMENTS--GENERAL INFORMATION
fixed length control field 180803b xxu||||| |||| 00| 0 eng d
010 ## - LIBRARY OF CONGRESS CONTROL NUMBER
LC control number A-901607
020 ## - INTERNATIONAL STANDARD BOOK NUMBER
Terms of availability 00.00
035 ## - SYSTEM CONTROL NUMBER
System control number A-901607, A-901611
037 ## - SOURCE OF ACQUISITION
Source of stock number/acquisition Cen Lib/Ret
040 ## - CATALOGING SOURCE
Original cataloging agency DPL
Language of cataloging EN
Transcribing agency 0
082 ## - DEWEY DECIMAL CLASSIFICATION NUMBER
Classification number 331.4
Item number GOT
245 ## - TITLE STATEMENT
Title Struggles of woman at work /
Statement of responsibility, etc edited by Sujata Gothoskar
260 ## - PUBLICATION, DISTRIBUTION, ETC. (IMPRINT)
Place of publication, distribution, etc New Delhi
Name of publisher, distributor, etc Vikas Publishing House
Date of publication, distribution, etc 1992
270 ## - ADDRESS
Address 576 Masjid Road, Janpura
City New Delhi
Postal code 110014
300 ## - PHYSICAL DESCRIPTION
Extent xix,205p.
Dimensions 21cm(Hb)
650 ## - SUBJECT ADDED ENTRY--TOPICAL TERM
Topical term or geographic name as entry element Informalism in gender setting
9 (RLIN) 13450
650 ## - SUBJECT ADDED ENTRY--TOPICAL TERM
Topical term or geographic name as entry element Women's work and struggles
9 (RLIN) 13451
700 ## - ADDED ENTRY--PERSONAL NAME
Personal name Gothoskar, Sujata
9 (RLIN) 13452
942 ## - ADDED ENTRY ELEMENTS (KOHA)
Source of classification or shelving scheme Dewey Decimal Classification
Koha item type English Books
Classification part 331.4
Call number suffix GOT
Holdings
Withdrawn status Lost status Damaged status Not for loan Home library Current library Date acquired Source of acquisition Cost, normal purchase price Total Checkouts Full call number Barcode Date last seen Copy number Cost, replacement price Price effective from Koha item type Source of classification or shelving scheme Collection code
        Central Library Central Library 20/06/2015 Cen Lib/Ret 0.00   331.4 GOT A-901607 20/06/2015 1 0.00 20/06/2015 English Books    
        Shahdara Branch Shahdara Branch 03/08/2018 BPPD/PUB 0.00   331.4 GOT A-901611 03/08/2018   0.00 03/08/2018 English Books Dewey Decimal Classification Non-fiction

© Delhi Public Library
Hit Counter
free hit counter